Countries That Kylian Mbappé Scored Against - Statistics

General Stats
  • This quiz has been taken 863 times
    51 since last reset
  • The average score is 16 of 27
Answer Stats
Country Goals Last % Correct
Argentina 5 2022
93%
Spain 2 2025
88%
Croatia 2 2020
86%
Germany 1 2025
79%
Denmark 2 2022
74%
Poland 3 2024
74%
Australia 1 2022
67%
Netherlands 6 2023
67%
Sweden 1 2020
67%
Belgium 1 2021
65%
Russia 2 2018
63%
Finland 1 2021
60%
Greece 1 2023
60%
Scotland 1 2023
58%
Ukraine 4 2025
58%
Austria 2 2022
53%
Gibraltar 4 2023
53%
Luxembourg 1 2024
53%
Peru 1 2018
53%
United States 1 2018
53%
Wales 1 2021
53%
Iceland 3 2025
49%
Moldova 1 2019
40%
Andorra 1 2019
35%
Kazakhstan 4 2021
35%
Azerbaijan 1 2025
28%
South Africa 2 2022
19%
No matching quizzes found
Score Distribution
Percent of People with Each Score
Percentile by Number Answered
Your Score History
You have not taken this quiz since the last reset